000 01289cam a22003614a 4500
001 4244
003 FISKH
005 20240708094235.0
008 100607s2010 nyua j 000 1 eng d
010 _a 2010279069
020 _a9780545117142 (lib. bdg.)
020 _a0545117143 (lib. bdg.)
020 _a9780545117159 (pbk.)
020 _a0545117151 (pbk.)
040 _aNjBwBT
_beng
_cJFN
_dJFN
050 0 0 _aPZ7.7.P25
082 0 4 _a741.5/973
100 1 _aParker, Jake,
_d1977-
245 1 0 _aMissile Mouse :
_bthe Star Crusher /
_cby Jake Parker.
260 _aNew York :
_bScholastic,
_c2010.
300 _a172 pages :
_bcolor illustrations ;
_c23 cm
520 _aMissile Mouse, a secret agent for the Galactic Security Agency, battles deadly foes in order to rescue a scientist from the Rogue Imperium of Planets, which is trying to steal a doomsday machine capable of destroying the universe.
650 0 _aMice
_vJuvenile fiction.
650 0 _aKidnapping
_vComic books, strips, etc.
650 0 _aSpace vehicles
_vComic books, strips, etc.
650 0 _aSpy stories.
650 0 _aAdventure stories.
650 0 _aScience fiction.
650 0 _aGraphic novels.
906 _a7
_bcbc
_ccopycat
_d2
_encip
_f20
_gy-gencatlg
942 _2ddc
_cBK
_n0
999 _c4244
_d4244